Statistiken für KVB Köln: Linie 3

Klicken Sie hier um das Quiz zu spielen!

Allgemein

  • Dieses Quiz wurde 121 mal gespielt
  • Das Durchschnittsergebnis liegt bei 19 aus 31

Antwortstatistiken

Haltestelle% Korrekt
Neumarkt
87%
Bahnhof Deutz/Lanxess Arena
85%
Poststraße
81%
Venloer Straße/Gürtel
81%
Appellhofplatz
79%
Friesenplatz
79%
Hans-Böckler-Platz/Bahnhof West
77%
Piusstraße
75%
Thielenbruch
75%
Körnerstraße
74%
Severinstraße
72%
Bocklemünd
68%
Koelnmesse
66%
Leyendeckerstraße
62%
Äußere Kanalstraße
58%
Suevenstraße
58%
Buchheim Herler Straße
57%
Holweide Vischeringstraße
57%
Stegerwaldsiedlung
55%
Akazienweg
53%
Dellbrück Hauptstraße
51%
Dellbrück Mauspfad
51%
Ollenhauerring
51%
Westfriedhof
51%
Buchheim Frankfurter Straße
47%
Maria-Himmelfahrt-Straße
47%
Waldecker Straße
45%
Wichheimer Straße
45%
Wolffsohnstraße
45%
Neufelder Straße
40%
Schaffrathsgasse
38%

Verteilung der Resultate

Perzentil nach korrekt beantworteten Fragen

Anzahl Personen mit jedem Resultat

Ihre Resultats-Entwicklung

Sie haben dieses Quiz noch nicht gespielt